| 000 | 00613nam a2200193uu 4500 | ||
|---|---|---|---|
| 999 |
_c8850 _d8850 |
||
| 001 | WIIW0000183 | ||
| 003 | OSt | ||
| 005 | 20191014124934.0 | ||
| 008 | 190820t2019 |||||||||| ||| ||ger d | ||
| 040 | _cOSt | ||
| 041 | _ager | ||
| 100 | _aSchmieg, Evita | ||
| 245 | 1 |
_aZusammenhänge zwischen Handelspolitik und Migration. _bEin Aktionsfeld für die EU |
|
| 260 |
_aBerlin : _bSWP Stiftung Wissenschaft und Politik, _cSeptember 2019 |
||
| 300 | _a35 S. | ||
| 490 |
_aSWP-Studie _v2019/22 _x1611-6372 |
||
| 856 | 4 | 2 | _uhttps://www.swp-berlin.org/fileadmin/contents/products/studien/2019S22_scm_Web.pdf |
| 942 | _cP | ||